| 000 | 01601nam a22002417a 4500 | ||
|---|---|---|---|
| 005 | 20240311112127.0 | ||
| 008 | 240311b ||||| |||| 00| 0 eng d | ||
| 020 | _a9789350976722 | ||
| 040 | _cAL | ||
| 041 | _aeng | ||
| 082 |
_223 _a428 _bJAYT |
||
| 100 |
_aSajitha Jayaprakash _9153671 |
||
| 245 | _aTechnical Writing | ||
| 260 |
_aMumbai _bHimalaya Publishing House _c2017 |
||
| 300 |
_axxx,561p. _bHB _c28x22cm. |
||
| 365 |
_a8331 _b1596.00 _c₹ _d1995.00 _e20% _f04-03-2024 |
||
| 520 | _aThis book covers all the basic aspects of technical writing and so, it is a one stop reference point for the new writers and even those who are pursuing a career in this field. This book is not restricted to the technical writers. It can be used by anyone who is interested in learning to write well--freshers, technical writers, translators, managers (not related to documentation), students, etc. For those who are looking at making a career in this field, this book will help them understand the concepts of technical writing which will in turn help them make appropriate decision regarding their career choice. CONTENTS - Part I : About Technical Writing Part II : Documentation Development Life Cycle (DDLC) Part III : Post-Writing Process Part IV : Styles and Standards Part V : Structure of the Document Part VI : Technical Writer At Work Part VII : Language and Checklists Part VIII : Appendices | ||
| 650 |
_aPlanning the Project _9153641 |
||
| 650 |
_aStyles and Standards _9153642 |
||
| 650 |
_aLanguage and Checklists _9153643 |
||
| 700 |
_aJAYAPRAKASH (SAJITHA) _9153644 |
||
| 942 |
_2ddc _cBK |
||
| 999 |
_c230194 _d230194 |
||